000 00979nam a2200133Ia 4500
008 220615s9999||||xx |||||||||||||| ||und||
020 _a9783040000000
245 0 _aMathematical Modelling and Machine Learning Methods for Bioinformatics and Data Science Applications
546 _aEnglish[eng]
650 _aalgorithm||identification||Alzheimer||predator–prey model||herd behaviour||herd shape||linear functional response||Holling type II functional response||bifurcation analysis||deep learning||convolutional neural networks||semantic segmentation||generative adversarial networks||chest X-ray||image augmentation||tropospheric ozone||machine learning||El Paso-Juarez||semi-arid climate||visual sequential search test||episode matching||trail making test||sequence alignment||alignment score||eye tracking||Til Making Test||neurological diseases
700 _aBianchini, Monica||Sampoli, Maria Lucia
856 _uhttps://mdpi.com/books/pdfview/book/4825
942 _cEB
999 _c18712
_d18712